000 00741cam a22002651 4500
999 _c8180
_d8180
001 8180
003 BD-JhCC
005 20180219104947.0
008 721213s1965 nyua b 000 0 eng
035 _a(BD-JhCC)8180
040 _aDLC
_cDLC
_dICU
_dDLC
_dBD-JhCC
041 _aeng
050 0 0 _aQP521
_b.I55
082 0 0 _a574.192
_bING 1965
100 1 _aIngram, Vernon M.
245 1 4 _aThe biosynthesis of macromolecules
_c[by] Vernon M. Ingram.
260 _aNew York,
_bW. A. Benjamin,
_c1965.
300 _axv, 223 p.
_billus.
_c22 cm.
440 0 _aBiology teaching monograph series
504 _aIncludes bibliographical references.
650 0 _aBiosynthesis.
650 0 _aMacromolecules.
942 _2ddc
_cBK